[Event "SVK-chT2D 2324"]
[Site "Slovakia"]
[Date "2023.11.12"]
[Round "4.3"]
[White "Pacholsky, Martin"]
[Black "Dors, Ryszard"]
[Result "0-1"]
[WhiteElo "1981"]
[BlackElo "2115"]
[PlyCount "102"]
[EventDate "2023.10.07"]
[EventType "team-tourn"]
[EventRounds "11"]
[EventCountry "SVK"]
[SourceTitle "EXT 2025"]
[Source "ChessBase"]
[SourceDate "2024.10.14"]
[SourceVersion "1"]
[SourceVersionDate "2024.10.14"]
[SourceQuality "1"]
[WhiteTeam "Margecany"]
[BlackTeam "Bardejov BSK"]
[WhiteTeamCountry "SVK"]
[BlackTeamCountry "SVK"]

1. e4 c6 2. d4 d5 3. exd5 cxd5 4. Bd3 Nc6 5. c3 g6 6. Bf4 Nh6 7. Nf3 f6 8. 0-0 Bg7 9. Re1 0-0 10. h3 Nf7 11. Bc2 e5 12. dxe5 fxe5 13. Bg3 e4 14. Nfd2 Re8 15. Nf1 Be6 16. Bb3 Nfe5 17. Ne3 Nd3 18. Re2 b5 19. Na3 a6 20. Rb1 Rc8 21. Nac2 Na5 22. Nd4 Bxd4 23. cxd4 Nxb3 24. Qxb3 Nc1 25. Qd1 Nxe2+ 26. Qxe2 Qa5 27. a3 Qa4 28. Be5 Rc6 29. Ng4 Bxg4 30. Qxg4 Ree6 31. Qg5 Qa5 32. Rf1 Qb6 33. h4 Rc8 34. h5 Qd8 35. Qg4 Qe8 36. f4 exf3 37. Rxf3 Rc1+ 38. Rf1 Rxf1+ 39. Kxf1 Qf7+ 40. Kg1 Qf5 41. Qg3 Qxh5 42. Qc3 g5 43. Qc8+ Qe8 44. Qc7 Qe7 45. Qb8+ Kf7 46. b4 Kg6 47. g4 Qf7 48. Kg2 Rc6 49. Bg3 Rc2+ 50. Kg1 Qe6 51. Bf2 Qxg4+ 0-1

[Event "SVK-chT2D 2324"]
[Site "Slovakia"]
[Date "2023.10.08"]
[Round "2.4"]
[White "Krajnak, Jan"]
[Black "Dors, Ryszard"]
[Result "1-0"]
[WhiteElo "2061"]
[BlackElo "2115"]
[PlyCount "55"]
[EventDate "2023.10.07"]
[EventType "team-tourn"]
[EventRounds "11"]
[EventCountry "SVK"]
[SourceTitle "EXT 2025"]
[Source "ChessBase"]
[SourceDate "2024.10.14"]
[SourceVersion "1"]
[SourceVersionDate "2024.10.14"]
[SourceQuality "1"]
[WhiteTeam "Poprad LS VD"]
[BlackTeam "Bardejov BSK"]
[WhiteTeamCountry "SVK"]
[BlackTeamCountry "SVK"]

1. e4 c6 2. d4 d5 3. f3 e6 4. Ne2 h5 5. Nd2 Qa5 6. c3 Nd7 7. b4 Qc7 8. Nb3 Bd6 9. e5 Be7 10. Nf4 g5 11. Nh3 Nh6 12. Nxg5 Nxe5 13. dxe5 Bxg5 14. f4 Be7 15. Qxh5 Bd7 16. Be3 0-0-0 17. Bxa7 f6 18. a4 Nf5 19. Qe2 Ng3 20. hxg3 Rxh1 21. a5 Rf8 22. Bb6 Qb8 23. a6 bxa6 24. Qxa6+ Qb7 25. Qxb7+ Kxb7 26. Bc5 Rh7 27. Ra7+ Kc8 28. Bxe7 1-0

[Event "EU-ch Rapid"]
[Site "Katowice"]
[Date "2022.12.18"]
[Round "7"]
[White "Arkell, Keith C"]
[Black "Dors, Ryszard"]
[Result "1-0"]
[WhiteElo "2406"]
[BlackElo "2142"]
[PlyCount "78"]
[EventDate "2022.12.17"]
[EventType "swiss (rapid)"]
[EventRounds "11"]
[EventCountry "POL"]
[SourceTitle "CBM 211 Extra"]
[Source "ChessBase"]
[SourceDate "2023.01.31"]
[SourceVersion "1"]
[SourceVersionDate "2023.01.31"]
[SourceQuality "1"]

1. d4 Nf6 2. Nf3 g6 3. c4 c5 4. Nc3 Bg7 5. d5 0-0 6. g3 d6 7. Bg2 Na6 8. 0-0 Rb8 9. e4 Nc7 10. a4 b6 11. e5 Ng4 12. exd6 exd6 13. Bg5 f6 14. Bf4 Ne5 15. Nxe5 fxe5 16. Be3 a6 17. Ne4 h6 18. h4 b5 19. axb5 axb5 20. b3 bxc4 21. bxc4 Rb4 22. Qc1 Kh7 23. Bd2 Rb7 24. Re1 Bf5 25. Ra5 Ne8 26. Ra6 Qb8 27. Qa1 Rb2 28. Be3 Bxe4 29. Bxe4 Nf6 30. Bf3 e4 31. Bd1 Nd7 32. Ra7 Rb7 33. Rxb7 Qxb7 34. Qc1 Ne5 35. Qc2 Nf3+ 36. Bxf3 exf3 37. h5 Qf7 38. Bf4 Rd8 39. Re6 Bf6 1-0

[Event "Katowice POL-HUN blitz 8th"]
[Site "Katowice"]
[Date "2020.09.12"]
[Round "10.9"]
[White "Dors, Ryszard"]
[Black "Klekowski, Maciej"]
[Result "0-1"]
[WhiteElo "2179"]
[BlackElo "2511"]
[PlyCount "48"]
[EventDate "2020.09.12"]
[EventType "swiss (blitz)"]
[EventRounds "13"]
[EventCountry "POL"]
[SourceTitle "CBM 198 Extra"]
[Source "ChessBase"]
[SourceDate "2020.11.30"]
[SourceVersion "1"]
[SourceVersionDate "2020.11.30"]
[SourceQuality "1"]

1. Nf3 f5 2. e4 fxe4 3. Ng5 g6 4. Nc3 Bg7 5. d3 h6 6. Ngxe4 d5 7. Ng3 c5 8. Be2 Nc6 9. 0-0 Nf6 10. Bf3 0-0 11. Bd2 e5 12. Re1 a6 13. a4 Qd6 14. a5 Nd4 15. Be2 Nxe2+ 16. Ncxe2 Be6 17. Bc3 Rf7 18. Nc1 d4 19. Bd2 Raf8 20. f3 h5 21. Nce2 h4 22. Nf1 h3 23. g4 Nxg4 24. fxg4 Qc6 0-1

[Event "SVK-chT1E 1920"]
[Site "Slovakia"]
[Date "2019.11.10"]
[Round "4.1"]
[White "Toth, Ervin"]
[Black "Dors, Ryszard"]
[Result "1-0"]
[WhiteElo "2441"]
[BlackElo "2185"]
[PlyCount "55"]
[EventDate "2019.10.12"]
[EventType "team-tourn"]
[EventRounds "11"]
[EventCountry "SVK"]
[SourceTitle "CBM 193 Extra"]
[Source "ChessBase"]
[SourceDate "2020.01.31"]
[SourceVersion "1"]
[SourceVersionDate "2020.01.31"]
[SourceQuality "1"]
[WhiteTeam "Cebovce"]
[BlackTeam "Bardejov"]
[WhiteTeamCountry "SVK"]
[BlackTeamCountry "SVK"]

1. d4 Nf6 2. c4 c5 3. d5 b5 4. cxb5 a6 5. b6 Qxb6 6. Nc3 d6 7. Nf3 g6 8. e4 Bg7 9. Bc4 Qb4 10. Nd2 Ng4 11. a3 Qa5 12. Be2 f5 13. 0-0 0-0 14. h3 Nf6 15. Nc4 Qc7 16. exf5 gxf5 17. Re1 Nbd7 18. Bf3 Rf7 19. Bf4 Ra7 20. Rc1 Nf8 21. b4 Ng6 22. Bd2 Nd7 23. Na4 Rf8 24. bxc5 dxc5 25. d6 exd6 26. Ba5 Qb8 27. Rb1 Bb7 28. Bxb7 1-0

[Event "SVK-chT1E 1819"]
[Site "Slovakia"]
[Date "2019.01.13"]
[Round "6.2"]
[White "Dors, Ryszard"]
[Black "Tropp, Oliver"]
[Result "1-0"]
[WhiteElo "2174"]
[BlackElo "2196"]
[PlyCount "79"]
[EventDate "2018.10.27"]
[EventType "team-tourn"]
[EventRounds "11"]
[EventCountry "SVK"]
[SourceTitle "CBM 188 Extra"]
[Source "ChessBase"]
[SourceDate "2019.02.28"]
[SourceVersion "1"]
[SourceVersionDate "2019.02.28"]
[SourceQuality "1"]
[WhiteTeam "Bardejov"]
[BlackTeam "Liptov Chess School II"]
[WhiteTeamCountry "SVK"]
[BlackTeamCountry "SVK"]

1. Nf3 d5 2. c4 e6 3. g3 Be7 4. Bg2 Nf6 5. b3 0-0 6. 0-0 a5 7. Nc3 d4 8. Na4 c5 9. d3 Nc6 10. Ba3 Nd7 11. e3 e5 12. exd4 cxd4 13. Bxe7 Qxe7 14. Re1 Qd8 15. Qd2 h6 16. Re2 Qc7 17. Rae1 Re8 18. c5 Rb8 19. Qc2 Nf6 20. a3 e4 21. dxe4 Bg4 22. Rd2 Rbd8 23. h3 d3 24. Rxd3 Bxf3 25. Rxd8 Rxd8 26. Bxf3 Nd4 27. Qc3 Qd7 28. Kg2 Nxf3 29. Qxf3 Qb5 30. e5 Rd3 31. Re3 Rxe3 32. Qxe3 Nd5 33. Qf3 Ne7 34. Qc3 Nd5 35. Qc4 Qc6 36. Kh2 Ne7 37. Qd3 Ng6 38. f4 h5 39. h4 Qe6 40. f5 1-0

[Event "Katowice POL-HUN 6th"]
[Site "Katowice"]
[Date "2018.05.05"]
[Round "5"]
[White "Kazakov, Mikhail"]
[Black "Dors, Ryszard"]
[Result "1-0"]
[WhiteElo "2515"]
[BlackElo "2179"]
[PlyCount "83"]
[EventDate "2018.05.05"]
[EventType "swiss (rapid)"]
[EventRounds "9"]
[EventCountry "POL"]
[SourceTitle "CBM 184 Extra"]
[Source "ChessBase"]
[SourceDate "2018.06.28"]
[SourceVersion "1"]
[SourceVersionDate "2018.06.28"]
[SourceQuality "1"]

1. d4 Nf6 2. c4 g6 3. Nc3 d5 4. Bg5 Bg7 5. Bxf6 Bxf6 6. cxd5 c6 7. e3 cxd5 8. Nf3 Nc6 9. h3 0-0 10. Be2 Be6 11. 0-0 Qa5 12. Na4 Bf5 13. a3 Rac8 14. b4 Qd8 15. Rc1 e5 16. b5 e4 17. bxc6 exf3 18. Bxf3 bxc6 19. Qd2 Be7 20. Nc5 Qd6 21. Qa5 Rc7 22. Rc3 Bd8 23. Qa4 Qf6 24. Bg4 Bxg4 25. hxg4 Re8 26. Na6 Rc8 27. Nb4 Re6 28. Nxd5 Qh4 29. Qd1 g5 30. Qf3 Rh6 31. Qh3 Qxh3 32. gxh3 Rxh3 33. Rfc1 Rh4 34. f3 Rb8 35. Rxc6 Rb2 36. R6c2 Rb3 37. Rc8 Rb2 38. Rxd8+ Kg7 39. Ne7 Rhh2 40. Nf5+ Kg6 41. Rg8+ Kf6 42. Rc6# 1-0

[Event "SVK-chT1E 1718"]
[Site "Slovakia"]
[Date "2017.12.02"]
[Round "5.1"]
[White "Zambor, Norbert"]
[Black "Dors, Ryszard"]
[Result "1-0"]
[WhiteElo "2284"]
[BlackElo "2166"]
[PlyCount "66"]
[EventDate "2017.10.21"]
[EventType "team-tourn"]
[EventRounds "11"]
[EventCountry "SVK"]
[SourceTitle "EXT 2019"]
[Source "ChessBase"]
[SourceDate "2018.10.10"]
[SourceVersion "1"]
[SourceVersionDate "2018.10.10"]
[SourceQuality "1"]
[WhiteTeam "Margecany OSK"]
[BlackTeam "Bardejov"]
[WhiteTeamCountry "SVK"]
[BlackTeamCountry "SVK"]

1. e4 c6 2. d4 d5 3. e5 Bf5 4. Nf3 e6 5. Be2 Nd7 6. 0-0 Ne7 7. Nbd2 Ng6 8. Nb3 f6 9. Ne1 h5 10. f4 h4 11. Be3 Qb6 12. Qd2 a5 13. a4 Bb4 14. Qc1 Be7 15. Nd3 Qc7 16. Qd1 Ngf8 17. Qd2 Rh7 18. Rfc1 Qb6 19. Nbc5 Qa7 20. c3 Nb6 21. b3 Nc8 22. Ne1 Bd8 23. c4 Ne7 24. Bf3 Bb6 25. cxd5 Nxd5 26. Bxd5 cxd5 27. Nf3 Nd7 28. Qf2 h3 29. Nh4 hxg2 30. Nxf5 exf5 31. Qxg2 Nf8 32. Qxd5 Rd8 33. Qg8 Bc7 1-0

[Event "SVK-chT1E 1617"]
[Site "Slovakia"]
[Date "2017.01.22"]
[Round "7.1"]
[White "Dors, Ryszard"]
[Black "Neugebauer, Martin"]
[Result "0-1"]
[WhiteElo "2154"]
[BlackElo "2437"]
[PlyCount "86"]
[EventDate "2016.10.15"]
[EventType "team-tourn"]
[EventRounds "11"]
[EventCountry "SVK"]
[SourceTitle "EXT 2018"]
[Source "ChessBase"]
[SourceDate "2017.10.13"]
[SourceVersion "1"]
[SourceVersionDate "2017.10.13"]
[SourceQuality "1"]
[WhiteTeam "Bardejov"]
[BlackTeam "Kosice Slavia TU"]
[WhiteTeamCountry "SVK"]
[BlackTeamCountry "SVK"]

1. Nf3 Nf6 2. g3 b6 3. Bg2 Bb7 4. 0-0 e6 5. c4 Be7 6. b3 0-0 7. Nc3 d5 8. e3 c5 9. Bb2 dxc4 10. bxc4 Nc6 11. d3 Nb4 12. Ne1 Bxg2 13. Kxg2 Qd7 14. Qe2 Rfd8 15. Rd1 a6 16. f4 b5 17. a3 Nc6 18. Nf3 Qb7 19. Kg1 Rab8 20. cxb5 axb5 21. Ne5 Nxe5 22. fxe5 Nd5 23. Ne4 c4 24. Qf3 Bf8 25. Rf2 cxd3 26. Rxd3 Qa7 27. Bd4 Qc7 28. Ng5 Rd7 29. Qe4 g6 30. Qh4 h6 31. Ne4 Qd8 32. Qh3 Rc8 33. Nd6 Rc1+ 34. Kg2 f5 35. exf6 Rxd6 36. Qg4 Kf7 37. h4 h5 38. Qe4 Qa8 39. Kh2 Nc7 40. Qxa8 Nxa8 41. Rb3 Rd5 42. Kg2 e5 43. Bb2 Rc4 0-1

[Event "POL-chT 2nd League"]
[Site "Jastrzebia Gora"]
[Date "2016.09.04"]
[Round "2.79"]
[White "Dors, Ryszard"]
[Black "Brzezinski, Mateusz"]
[Result "0-1"]
[WhiteElo "2167"]
[BlackElo "2144"]
[PlyCount "62"]
[EventDate "2016.09.03"]
[EventType "team-swiss"]
[EventRounds "9"]
[EventCountry "POL"]
[SourceTitle "EXT 2017"]
[Source "ChessBase"]
[SourceDate "2016.10.25"]
[SourceVersion "1"]
[SourceVersionDate "2016.10.25"]
[SourceQuality "1"]
[WhiteTeam "Ruda Slaska KS DORS"]
[BlackTeam "Bydgoszcz Hetman"]
[WhiteTeamCountry "POL"]
[BlackTeamCountry "POL"]

1. Nf3 Nf6 2. g3 e6 3. Bg2 a6 4. 0-0 b5 5. d3 Bb7 6. e4 d6 7. Nbd2 c5 8. Re1 Nbd7 9. Nf1 Be7 10. Nh4 0-0 11. e5 Nd5 12. c4 Bxh4 13. gxh4 Nxe5 14. cxd5 Qxh4 15. Re4 Qf6 16. d4 Ng6 17. Rg4 exd5 18. h4 Qe6 19. h5 f5 20. Rg3 Nh4 21. Bf4 Rad8 22. Bh1 h6 23. Rh3 Qf6 24. Bg3 g5 25. hxg6 Nxg6 26. Qh5 Rf7 27. Qxh6 Rg7 28. Kh2 Kf7 29. Bh4 Qxd4 30. Ne3 Rh8 31. Qg5 Nxh4 0-1

[Event "POL-chT 2nd League"]
[Site "Jastrzebia Gora"]
[Date "2016.09.03"]
[Round "1.43"]
[White "Rudolf, Michal"]
[Black "Dors, Ryszard"]
[Result "1-0"]
[WhiteElo "2339"]
[BlackElo "2167"]
[PlyCount "171"]
[EventDate "2016.09.03"]
[EventType "team-swiss"]
[EventRounds "9"]
[EventCountry "POL"]
[SourceTitle "EXT 2017"]
[Source "ChessBase"]
[SourceDate "2016.10.25"]
[SourceVersion "1"]
[SourceVersionDate "2016.10.25"]
[SourceQuality "1"]
[WhiteTeam "Warszawa YMCA"]
[BlackTeam "Ruda Slaska KS DORS"]
[WhiteTeamCountry "POL"]
[BlackTeamCountry "POL"]

1. e4 c6 2. Nc3 d5 3. Nf3 Bg4 4. h3 Bxf3 5. Qxf3 Nf6 6. Be2 Nxe4 7. Nxe4 dxe4 8. Qxe4 Qd5 9. Qxd5 cxd5 10. d4 Nc6 11. Be3 g6 12. 0-0-0 Bg7 13. c4 Rd8 14. cxd5 Rxd5 15. Bc4 Ra5 16. d5 Ne5 17. b4 Ra3 18. Bb5+ Nd7 19. Kb1 a5 20. Bc1 Rc3 21. bxa5 Rc5 22. a4 Kd8 23. Be3 Rc7 24. d6 exd6 25. Rxd6 Kc8 26. Rhd1 Nc5 27. Rc1 Ne6 28. Bd7+ Kb8 29. Bxe6 fxe6 30. Rxe6 Rxc1+ 31. Bxc1 Bd4 32. f3 Rf8 33. a6 bxa6 34. Rxa6 Re8 35. Rd6 Bc5 36. Rd5 Be3 37. Bxe3 Rxe3 38. Rd4 Re2 39. Rg4 Kb7 40. Kc1 Kc6 41. Kd1 Ra2 42. Ke1 Kd6 43. Kf1 Ke6 44. h4 Kf5 45. Kg1 Kf6 46. Kh2 Kg7 47. Kg3 Kh6 48. Rb4 Ra3 49. Kf4 Ra2 50. g4 Ra1 51. Kg3 Rg1+ 52. Kh2 Rf1 53. Kg2 Ra1 54. Rc4 Ra3 55. Rc7 g5 56. hxg5+ Kxg5 57. Rxh7 Rxa4 58. Rh5+ Kg6 59. Rb5 Rc4 60. Kg3 Rc3 61. Rd5 Ra3 62. Kf4 Ra4+ 63. Ke3 Ra3+ 64. Ke4 Ra4+ 65. Rd4 Ra6 66. f4 Re6+ 67. Kf3 Ra6 68. Kg3 Rb6 69. Kh4 Ra6 70. Re4 Ra8 71. Re6+ Kf7 72. Rb6 Ra5 73. f5 Kg7 74. Kg5 Ra7 75. Re6 Kf7 76. Re4 Ra8 77. Kf4 Ra1 78. Rb4 Ra7 79. g5 Kg7 80. Kg4 Rc7 81. Kh5 Ra7 82. Rb6 Kh7 83. g6+ Kg8 84. f6 Ra8 85. Kh6 Rc8 86. Rb7 1-0

[Event "SVK-chT1E 1516"]
[Site "Slovakia"]
[Date "2015.12.12"]
[Round "5.4"]
[White "Dors, Ryszard"]
[Black "Pacher, Milan"]
[Result "0-1"]
[WhiteElo "2166"]
[BlackElo "2498"]
[PlyCount "120"]
[EventDate "2015.10.24"]
[EventType "team-tourn"]
[EventRounds "11"]
[EventCountry "SVK"]
[SourceTitle "CBM 170 Extra"]
[Source "ChessBase"]
[SourceDate "2016.02.25"]
[SourceVersion "1"]
[SourceVersionDate "2016.02.25"]
[SourceQuality "1"]
[WhiteTeam "Bardejov"]
[BlackTeam "Sabinov"]
[WhiteTeamCountry "SVK"]
[BlackTeamCountry "SVK"]

1. Nf3 Nf6 2. c4 b6 3. g3 c5 4. Bg2 Bb7 5. Nc3 g6 6. 0-0 Bg7 7. b3 d5 8. cxd5 Nxd5 9. Bb2 0-0 10. Rc1 Nc6 11. Qc2 Ndb4 12. Qb1 Nd4 13. Ne1 Qd7 14. e3 Bxg2 15. Kxg2 Ne6 16. a3 Nc6 17. Ne4 f5 18. Bxg7 Nxg7 19. Nc3 Qxd2 20. Nd3 Rad8 21. Rfd1 Rxd3 22. Rxd2 Rxd2 23. Rd1 Rfd8 24. Rxd2 Rxd2 25. Qc1 Rd7 26. Nb5 Kf7 27. b4 Ne6 28. bxc5 Nxc5 29. Qc4+ e6 30. Qh4 h5 31. Qf4 Ne4 32. Qh6 Nf6 33. h3 a6 34. Nd4 Nxd4 35. exd4 Rxd4 36. Qe3 Rd6 37. Qc3 Ke7 38. Qc8 a5 39. Qc7+ Nd7 40. Qc3 e5 41. Qe3 Re6 42. Qh6 Nc5 43. Kf1 Kd6 44. Ke2 Kc6 45. Kd1 Rd6+ 46. Ke1 Kb5 47. Qf8 Re6 48. Kd2 Kc4 49. Kc2 Kb5 50. Qc8 e4 51. Kc3 e3 52. fxe3 Rxe3+ 53. Kb2 Rxg3 54. Qe8+ Kc4 55. Qf7+ Kd3 56. Qd5+ Ke2 57. Qe5+ Kf2 58. Kc2 Rxh3 59. Qf4+ Kg2 60. Qd2+ Kf3 0-1

[Event "SVK-chT1E 1415"]
[Site "Slovakia"]
[Date "2015.03.15"]
[Round "11.1"]
[White "Mede, Istvan"]
[Black "Dors, Ryszard"]
[Result "1-0"]
[WhiteElo "2306"]
[BlackElo "2188"]
[PlyCount "77"]
[EventDate "2014.10.18"]
[EventType "team-tourn"]
[EventRounds "11"]
[EventCountry "SVK"]
[SourceTitle "EXT 2016"]
[Source "ChessBase"]
[SourceDate "2015.10.08"]
[SourceVersion "1"]
[SourceVersionDate "2015.10.08"]
[SourceQuality "1"]
[WhiteTeam "Jelsava"]
[BlackTeam "Bardejov"]
[WhiteTeamCountry "SVK"]
[BlackTeamCountry "SVK"]

1. e4 c6 2. d4 d5 3. e5 Bf5 4. Nc3 e6 5. g4 Bg6 6. Nge2 c5 7. h4 h5 8. Nf4 Bh7 9. g5 cxd4 10. Nb5 Nc6 11. Qxh5 Nxe5 12. g6 Nxg6 13. Nxg6 Nf6 14. Qe5 Bxg6 15. Nc7+ Kd7 16. Bb5+ Kc8 17. Nxa8 Bd6 18. Qxd4 Qa5+ 19. Bd2 Qxb5 20. Qxa7 Bh5 21. c4 Qxb2 22. Rc1 d4 23. Nb6+ Kc7 24. c5 Be7 25. Nc4 Qb5 26. c6 Bc5 27. Qxb7+ Qxb7 28. cxb7 Kxb7 29. Na5+ Kb6 30. Rh3 Ne4 31. Rb3+ Ka6 32. Nb7 Bb6 33. Rc6 Kxb7 34. Rbxb6+ Ka7 35. Ba5 d3 36. Rc7+ Ka8 37. Rc4 Bf3 38. Bd2 Ka7 39. Rb3 1-0

[Event "SVK-chT1E 1415"]
[Site "Slovakia"]
[Date "2015.03.01"]
[Round "9.1"]
[White "Dors, Ryszard"]
[Black "Druska, Juraj"]
[Result "0-1"]
[WhiteElo "2188"]
[BlackElo "2395"]
[PlyCount "50"]
[EventDate "2014.10.18"]
[EventType "team-tourn"]
[EventRounds "11"]
[EventCountry "SVK"]
[SourceTitle "EXT 2016"]
[Source "ChessBase"]
[SourceDate "2015.10.08"]
[SourceVersion "1"]
[SourceVersionDate "2015.10.08"]
[SourceQuality "1"]
[WhiteTeam "Bardejov"]
[BlackTeam "Liptov Chess School II"]
[WhiteTeamCountry "SVK"]
[BlackTeamCountry "SVK"]

1. Nf3 c5 2. c4 g6 3. g3 Nc6 4. Bg2 Bg7 5. Nc3 Nh6 6. h4 Ng4 7. h5 d6 8. d3 Bf5 9. Bd2 Qd7 10. Rb1 0-0 11. a3 a5 12. Nd5 Rab8 13. e4 Be6 14. Nf4 Nge5 15. Ng5 b5 16. hxg6 hxg6 17. Nfxe6 fxe6 18. Be3 bxc4 19. dxc4 Nxc4 20. Qg4 Nxe3 21. fxe3 Ne5 22. Qh4 Nd3+ 23. Kd1 Nxb2+ 24. Rxb2 Qa4+ 25. Ke1 Bc3+ 0-1

[Event "SVK-chT1E 1415"]
[Site "Slovakia"]
[Date "2014.11.29"]
[Round "3.1"]
[White "Hagarova, Zuzana"]
[Black "Dors, Ryszard"]
[Result "1-0"]
[WhiteElo "2378"]
[BlackElo "2188"]
[PlyCount "63"]
[EventDate "2014.10.18"]
[EventType "team-tourn"]
[EventRounds "11"]
[EventCountry "SVK"]
[SourceTitle "EXT 2016"]
[Source "ChessBase"]
[SourceDate "2015.10.08"]
[SourceVersion "1"]
[SourceVersionDate "2015.10.08"]
[SourceQuality "1"]
[WhiteTeam "Kezmarok"]
[BlackTeam "Bardejov"]
[WhiteTeamCountry "SVK"]
[BlackTeamCountry "SVK"]

1. e4 c6 2. d4 d5 3. exd5 cxd5 4. c4 Nf6 5. Nc3 g6 6. cxd5 Bg7 7. Bb5+ Nbd7 8. d6 exd6 9. Qe2+ Kf8 10. Qf3 Nb6 11. Nge2 a6 12. Bd3 Rb8 13. 0-0 Be6 14. Nf4 Bg4 15. Qg3 Bf5 16. Bxf5 gxf5 17. Qd3 Qd7 18. Nce2 Nc8 19. Ng3 Ne7 20. Bd2 h5 21. h4 Bh6 22. Rfe1 Ng6 23. Nxg6+ fxg6 24. Bxh6+ Rxh6 25. d5 Re8 26. Qd2 Rh7 27. Qg5 Kf7 28. Qd2 Rhh8 29. Ne2 Re4 30. Nf4 Rhe8 31. Ne6 Rxh4 32. Qh6 1-0

[Event "SVK-chT1E 1314"]
[Site "Slovakia"]
[Date "2014.03.23"]
[Round "11.1"]
[White "Jurcik, Martin"]
[Black "Dors, Ryszard"]
[Result "0-1"]
[WhiteElo "2359"]
[BlackElo "2228"]
[PlyCount "46"]
[EventDate "2013.10.12"]
[EventType "team-tourn"]
[EventRounds "11"]
[EventCountry "SVK"]
[SourceTitle "EXT 2015"]
[Source "ChessBase"]
[SourceDate "2014.11.20"]
[SourceVersion "1"]
[SourceVersionDate "2014.11.20"]
[SourceQuality "1"]
[WhiteTeam "Kysucke Nove Mesto"]
[BlackTeam "Bardejov"]
[WhiteTeamCountry "SVK"]
[BlackTeamCountry "SVK"]

1. e4 c6 2. d4 d5 3. e5 Bf5 4. Nc3 e6 5. g4 Bg6 6. Nge2 c5 7. h4 h5 8. Nf4 Bh7 9. g5 Nc6 10. Qxh5 Nxd4 11. Be3 Nxc2+ 12. Kd2 a6 13. g6 Bxg6 14. Qxh8 Ne7 15. Rd1 d4 16. Bd3 Bxd3 17. Kxd3 Nxe3 18. fxe3 dxc3+ 19. Ke2 Qa5 20. bxc3 Nf5 21. Nxe6 Qxa2+ 22. Kf3 Qxe6 23. e4 Nh6 0-1

[Event "SVK-chT1E 1314"]
[Site "Slovakia"]
[Date "2013.10.12"]
[Round "1.1"]
[White "Manik, Mikulas"]
[Black "Dors, Ryszard"]
[Result "1-0"]
[WhiteElo "2404"]
[BlackElo "2228"]
[PlyCount "53"]
[EventDate "2013.10.12"]
[EventType "team-tourn"]
[EventRounds "11"]
[EventCountry "SVK"]
[SourceTitle "EXT 2015"]
[Source "ChessBase"]
[SourceDate "2014.11.20"]
[SourceVersion "1"]
[SourceVersionDate "2014.11.20"]
[SourceQuality "1"]
[WhiteTeam "Prakovce"]
[BlackTeam "Bardejov"]
[WhiteTeamCountry "SVK"]
[BlackTeamCountry "SVK"]

1. e4 c6 2. d4 d5 3. e5 Bf5 4. h4 h5 5. c4 e6 6. Nc3 dxc4 7. Bxc4 Nd7 8. Bg5 Ne7 9. Nge2 Nb6 10. Bb3 Qd7 11. Ng3 Bg6 12. 0-0 Nf5 13. Nxf5 Bxf5 14. Qd2 Be7 15. Rad1 0-0-0 16. a4 f6 17. Bf4 fxe5 18. Bxe5 Bd6 19. Qg5 Bxe5 20. dxe5 Qc7 21. Rxd8+ Qxd8 22. Qxg7 Rh7 23. Bxe6+ Kb8 24. Qg8 Qxg8 25. Bxg8 Rg7 26. Bb3 Bh3 27. Kh2 1-0